Teorías del aprendizaje

Sparad:
Bibliografiska uppgifter
Huvudupphovsman: Schunk, Dale H (Författare, medförfattare)
Materialtyp: Bok
Språk:spanska
Publicerad: Ciudad de México Prentice-Hall Hispanoamericana 1997
Ämnen:
Taggar: Lägg till en tagg
Inga taggar, Lägg till första taggen!

MARC

LEADER 00000nam a2200000 a 4500
001 UCO9804
003 CL-VaPUC
008 010309e19970000MX |||||||||||||||||spa|d
020 |a 9688809527 
082 0 4 |a 153.15  |b SCH  |2 21 
100 0 |a Schunk, Dale H  |e author  |9 454935 
245 1 0 |a Teorías del aprendizaje 
300 |a 512 p 
942 |c BK 
945 |d 20010309 00:00:00  |a cmena 
260 |a Ciudad de México  |b Prentice-Hall Hispanoamericana  |c 1997 
650 0 |a Psicología del aprendizaje  |9 306854 
650 0 |a Aprendizaje   |9 254827 
650 0 |a Psicología educacional   |9 307830 
650 0 |a Cognición   |9 270347 
650 0 |a Procesos mentales superiores  |9 330839 
650 0 |a Motivación   |9 315362 
650 0 |a Métodos de enseñanza  |9 270413 
583 |a last modification  |c 20160426 04:42:32  |k Rodrigo Vera 
999 |c 293827  |d 293825 
952 |0 0  |1 0  |4 0  |6 153_150000000000000_SCH_1997  |7 0  |8 A  |9 345560  |a FDOPOS  |b FDOPOS  |d 2019-11-20  |i 3688097  |o 153.15 SCH 1997  |p 3688097  |r 2025-01-22  |w 2019-11-20  |y BK  |k MLA 
952 |0 0  |1 0  |4 0  |6 153_150000000000000_SCH_1997  |7 0  |8 A  |9 345562  |a BIBEDU  |b BIBEDU  |d 2019-11-20  |i 3805557  |o 153.15 SCH 1997  |p 3805557  |r 2019-11-20  |w 2019-11-20  |y BK  |k EPE 
952 |0 0  |1 0  |4 0  |6 153_150000000000000_SCH_1997  |7 0  |8 A  |9 345563  |a BIBEDU  |b BIBEDU  |d 2019-11-20  |i 4494105  |l 2  |o 153.15 SCH 1997  |p 4494105  |r 2024-03-28  |s 2024-03-28  |w 2019-11-20  |y BK  |k EBA 
952 |0 0  |1 0  |4 0  |6 153_150000000000000_SCH_1997  |7 0  |8 ED_SUP  |9 345564  |a BIBGIM  |b BIBGIM  |c S_PSTGRDO  |d 2019-11-20  |i 4777182  |o 153.15 SCH 1997  |p 4777182  |r 2025-01-15  |w 2019-11-20  |y BK  |k ESU